00350nam a2200133Ia 4500008004100000041000800041082001500049100002200064245003700086250001500123260003900138300003200177365000700209240624s9999 xx 000 0 und d aeng a658.15 GIT aGITMAN LAWRENCE J aPRINCIPLES OF MANAGERIAL FINANCE a(10th ed.) c2004aNew DelhibPearson Education axliv, : 794 : p. : cm. ; 25 cRS